[Event "Napoli Autunno Vomero op-B"]
[Site "Napoli"]
[Date "2016.09.29"]
[Round "4"]
[White "Pellegrino, Laura"]
[Black "Orefice, Matteo"]
[Result "1-0"]
[WhiteElo "1446"]
[BlackElo "1440"]
[PlyCount "46"]
[EventDate "2016.09.08"]
[EventType "swiss"]
[EventRounds "7"]
[EventCountry "ITA"]
[SourceTitle "EXT 2018"]
[Source "ChessBase"]
[SourceDate "2017.10.13"]
[SourceVersion "1"]
[SourceVersionDate "2017.10.13"]
[SourceQuality "1"]

1. d4 d5 2. Nf3 Nf6 3. e3 Bg4 4. c4 e6 5. Qb3 b6 6. Ne5 Bd6 7. cxd5 Bxe5 8. dxe5 Nxd5 9. Qa4+ c6 10. Qxg4 Rg8 11. Nc3 Nxc3 12. bxc3 Nd7 13. Qe4 Qc7 14. Qxh7 0-0-0 15. f4 Nc5 16. Be2 g6 17. Qh3 Qd7 18. 0-0 Ne4 19. Rd1 Qxd1+ 20. Bxd1 Nd2 21. g3 Rh8 22. Qg2 Nf3+ 23. Kf2 Rxh2 1-0